Cấu tạo chất (Luyện tập)

Đã lưu trong:
書目詳細資料
主要作者: Nguyễn Hữu Thông
格式: 圖書
語言:Undetermined
出版: H. ĐHSP 1996
主題:
標簽: 添加標簽
沒有標簽, 成為第一個標記此記錄!
Thư viện lưu trữ: Trung tâm Học liệu Trường Đại học Cần Thơ
LEADER 00528nam a2200181Ia 4500
001 CTU_55646
008 210402s9999 xx 000 0 und d
020 |b 18700 
082 |a 541.28 
082 |b Th455 
100 |a Nguyễn Hữu Thông 
245 0 |a Cấu tạo chất (Luyện tập) 
245 0 |c Nguyễn Hữu Thông 
260 |a H. 
260 |b ĐHSP 
260 |c 1996 
650 |a chemistry, physical and theoretical,quantum chemistry 
980 |a Trung tâm Học liệu Trường Đại học Cần Thơ